000 00581nam a2200193Ia 4500
005 20250508154620.0
008 008 250505s9999 xx 000 0 eng d
037 _aTextual
040 _aFEDL
_beng
_cFEDL
041 _aeng
_2eng
084 _a370.1, NAS
_qFEDL
100 _aNash Paul
245 0 _aAuthority and freedom in education : An introducation to the philosophy of education
260 _aNew York, USA
_bJohn Wiley and Sons
_c1966
300 _ax,342p.
650 _aEducation-Philosophy
942 _cTEXL
_h370.1, NAS
999 _c1351215
_d1351215